00000000nam##2200000za#4500
0019.576405
003CaOODSP
00520210624185125
007cr |||||||||||
008150406|1982||||xxc|||||o    f|0| 0 eng|d
040 |aCaOODSP|beng
043 |an-cn---
0861 |aFs97-13/365E-PDF
1101 |aCanada. |bDepartment of Fisheries and Oceans.
24514|aThe marine invertebrates code of the Northwest Atlantic Fisheries Centre / |h[electronic resource]|cby G.R. Lilly.
260 |aSt. John's - Newfoundland and Labrador : |bFisheries and Oceans Canada |c1982.
300 |a50p.|breferences
4901 |aCanadian data report of fisheries and aquatic sciences|vNo. 365
500 |aOn t.p.: Fisheries Research Branch, St. John's, Newfoundland. Catalogue number of the print edition appears in the PDF version.
546 |a(Résumé en français)
590 |a13-12-Supp|b2013-05-10
7201 |aLilly, George R.
830#0|aCanadian data report of fisheries and aquatic sciences ;|vNo. 365|w(CaOODSP)9.505124
85640|ahttp://publications.gc.ca|qPDF|s710 KB|uhttps://publications.gc.ca/collections/collection_2013/mpo-dfo/Fs97-13-365-eng.pdf|yNo. 365